000 00895nam a2200265 a 4500
001 000009780
003 DO-SdBNP
005 20240412074213.0
008 091001s1997 dr a r 001 0 spa d
020 _a8460568237
040 _aDO-SdBNP
_bspa
_cBNPHU
082 4 _aRD861.44
_bC737s
_222
100 1 _aComprés, Carmen
_924689
245 1 0 _aSerá otro azul /
_cCarmen Comprés ; ilustraciones Janet Quevedo.
260 _aSanto Domingo :
_bAmigo del Hogar,
_c1997.
300 _a76 p. :
_bil. ;
_c23 cm.
500 _aIncluye datos biográficos del autor en la solapa de la cubierta
500 _aLa biblioteca posee un ejemplar autografiado por el autor
590 _aInventariado, 2018/BT
650 0 _aPoesía dominicana
_966
650 0 _aLiteratura dominicana.
_967
700 1 _aQuevedo, Janet,
_eil.
_924690
910 _aValidado. Control de calidad. MMOLINA
942 _2ddc
_cLBS1
999 _c9540
_d9540